Statistics for People with Animal Names Quiz #1

Click here to take the quiz!

General Stats

  • This quiz has been taken 38,052 times
    (26,382 since last reset)
  • The average score is 13 of 22

Answer Stats

Clue Answer % Correct
Golfer{Tiger} Woods
96%
Crusader kingRichard the {Lion}heart
96%
"Pirates of the Caribbean"Capt. Jack {Sparrow}
93%
Paul Hogan{Crocodile} Dundee
90%
Boxer Jake LaMottaRaging {Bull}
82%
William Cody{Buffalo} Bill
81%
Yusef Islam{Cat} Stevens
81%
Sioux warriorCrazy {Horse}
75%
"To Kill a Mockingbird"Atticus {Finch}
66%
Contract with America{Newt} Gingrich
58%
Blues musicianHowlin' {Wolf}
57%
"The X-Files"{Fox} Mulder
51%
Son of June & Ward{Beaver} Cleaver
47%
"The Cosby Show"{Raven} Symoné
46%
Alabama coach{Bear} Bryant
42%
Kobe BryantBlack {Mamba}
38%
'N SyncLance {Bass}
38%
Charlie Parker{Bird}
37%
Comic strip soldier{Beetle} Bailey
34%
YOLO is his motto{Drake}
27%
Jim MorrisonThe {Lizard} King
23%
Catholic saintAugustine of {Hippo}
12%

Score Distribution

Percentile by Number Answered

Percent of People with Each Score

Your Score History

You have not taken this quiz since the last reset